=LDR 00000nam 2200000 4500 =001 INLIS000000000001922 =005 20130612090312 =008 ***********************************Ind** =035 ##$$0010-061300000001922 =041 ##$$a Ind =082 ##$$a 613.66 =090 ##$$a 613.66, Arm b =100 ##$$a Armstrong, Karen =245 ##$$a Bebas dari ketakutan, panduan lengkap keselamatan pribadi untuk kaum wanita, Karen Armstrong =260 ##$$a 1996 $b Jakarta =300 ##$$a ix,108 hlm, ilus, 21 cm =650 ##$$a Keselamatan Pribadi =850 ##$$a NBPNMAT